Paroles PLK-Toi - Statistiques

Statistiques générales
  • Ce quiz a été pris 20 fois
  • Le résultat moyen est 239 sur 451
Statistiques - réponses
Réponse % Correct
ma
94%
toi
94%
à
88%
À
88%
a
88%
de
88%
me
88%
Mes
88%
que
88%
tu
88%
ce
82%
le
82%
Des
76%
des
76%
La
76%
la
76%
Mais
76%
mais
76%
on
76%
On
76%
pas
76%
plus
76%
son
76%
Son
76%
yeux
76%
c'est
71%
C'est
71%
va
71%
comme
65%
Comme
65%
nuit
65%
qui
65%
regardes
65%
Sa
65%
sa
65%
avec
59%
je
59%
les
59%
Maintenant
59%
n'me
59%
n'regardent
59%
pour
59%
torture
59%
voix
59%
au
53%
ça
53%
Ça
53%
croit
53%
dans
53%
d'ta
53%
est
53%
être
53%
fois
53%
ou
53%
quand
53%
Quand
53%
qu'ça
53%
tes
53%
tête
53%
tout
53%
Aimer
47%
aimer
47%
elle
47%
faire
47%
fait
47%
quon
47%
qu'on
47%
si
47%
truc
47%
accepter
41%
amers
41%
épicés
41%
Faut
41%
faut
41%
Grandir
41%
J'fume
41%
maîtriser
41%
même
41%
Nos
41%
peut
41%
sans
41%
s'arracher
41%
sur
41%
trucs
41%
un
41%
vie
41%
abondamment
35%
Aller
35%
anciens
35%
barrette
35%
gens
35%
J'ai
35%
jsuis
35%
j'suis
35%
j'veux
35%
lycée
35%
mariage
35%
rien
35%
tellement
35%
t'étais
35%
ton
35%
2026
29%
car
29%
chambre
29%
change
29%
comprennent
29%
deux
29%
dire
29%
épuisé
29%
essayer
29%
fête
29%
fille
29%
fin
29%
jamais
29%
l'éviter
29%
maquette
29%
m'arrive
29%
million
29%
MYM
29%
ptit
29%
ptite
29%
seul
29%
t'as
29%
tenter
29%
vérité
29%
zapper
29%
bien
24%
boire
24%
concert
24%
Continuer
24%
d'bosser
24%
dépité
24%
d'euro
24%
dois
24%
donc
24%
d'sa
24%
entière
24%
feater
24%
fils
24%
fliquée
24%
fumer
24%
gentil
24%
guesh
24%
imbécile
24%
J'rentre
24%
l'hiver
24%
mal
24%
marcher
24%
m'fait
24%
n'importe
24%
pars
24%
passé
24%
statique
24%
vendre
24%
verre
24%
veux
24%
viens
24%
ans
18%
bagarre
18%
bande
18%
BG
18%
bizarre
18%
brasser
18%
devant
18%
donne
18%
d'une
18%
flipper
18%
guedro
18%
J'attends
18%
Jdois
18%
J'finirai
18%
juste
18%
l'boulot
18%
l'prochain
18%
lune
18%
m'éteins
18%
m'fasse
18%
milieu
18%
perta
18%
plein
18%
prends
18%
quinze
18%
rend
18%
rester
18%
revend
18%
sciatiques
18%
s'fait
18%
showcase
18%
signe
18%
soir
18%
static
18%
stress
18%
t'fait
18%
Toujours
18%
tranquille
18%
trois
18%
village
18%
accroché
12%
bouche
12%
cherche
12%
Déjà
12%
devenir
12%
entassés
12%
équipage
12%
fitté
12%
force
12%
fous
12%
J'discutais
12%
kicke
12%
l'école
12%
l'oseille
12%
moins
12%
nager
12%
partait
12%
poings
12%
qu'avec
12%
sait
12%
très
12%
virages
12%
l'sais
6%
coudes
0%
serein
0%
Aucun quiz correspondant
Distribution des résultats
% des personnes avec chaque résultat
Percentile par nombre de réponses
Votre historique - résultats
Vous n’avez pas pris ce quiz